Offensive marketing : or how to make your competitors followers
Αποθηκεύτηκε σε:
| Κύριος συγγραφέας: | |
|---|---|
| Μορφή: | Βιβλίο |
| Γλώσσα: | English |
| Δημοσίευση: |
Harmondsworth :
Penguin,
1975
|
| Θέματα: | |
| Ετικέτες: |
Προσθήκη ετικέτας
Δεν υπάρχουν, Καταχωρήστε ετικέτα πρώτοι!
|
MARC
| LEADER | 00000nam a2200000 i 4500 | ||
|---|---|---|---|
| 001 | 1/38641 | ||
| 008 | 960118s1975 eng d | ||
| 020 | |a 0140218718 | ||
| 035 | |l 10024899 | ||
| 040 | |a GR-MY-UA |b gre |e aacr | ||
| 041 | 0 | |a eng | |
| 082 | 0 | |a 658.8 | |
| 100 | 1 | |a Davidson, J. H. |q (J. Hugh) |d 1935- | |
| 245 | 1 | 0 | |a Offensive marketing : |b or how to make your competitors followers |
| 260 | |a Harmondsworth : |b Penguin, |c 1975 | ||
| 300 | |a 330 p | ||
| 650 | 0 | 0 | |a Marketing. |
| 852 | |a INST |b CHIOS |e 19960118 |h 658.8 DAV |p 005200001064 |q 005200001064 |t BK |y 0 | ||
| 852 | |a INST |b CHIOS |e 19960318 |h 658.8 DAV |p 005200004296 |q 005200004296 |t BK |y 0 | ||
| 852 | |a INST |b CHIOS |e 19960318 |h 658.8 DAV |p 005200004315 |q 005200004315 |t BK |y 0 | ||
| 909 | |a Χ |b 001578 | ||
| 909 | |a Χ |b 000690 | ||